[Event "CRO-ch U13"]
[Site "Trogir"]
[Date "2016.06.21"]
[Round "2"]
[White "Kakuk, Tibor"]
[Black "Horvatic, Filip"]
[Result "1-0"]
[WhiteElo "1650"]
[BlackElo "1356"]
[PlyCount "53"]
[EventDate "2016.06.21"]
[EventType "swiss"]
[EventRounds "9"]
[EventCountry "CRO"]
[SourceTitle "EXT 2017"]
[Source "ChessBase"]
[SourceDate "2016.10.25"]
[SourceVersion "1"]
[SourceVersionDate "2016.10.25"]
[SourceQuality "1"]

1. e4 c5 2. Nf3 d6 3. d4 cxd4 4. Nxd4 Nf6 5. Nc3 a6 6. f3 e6 7. Be3 b5 8. Qd2 Bb7 9. g4 h6 10. h4 g6 11. a3 Nfd7 12. 0-0-0 Be7 13. Qf2 0-0 14. Bxh6 Re8 15. Be3 Nc6 16. Qh2 Nde5 17. Be2 Bf6 18. g5 Bg7 19. f4 Nd7 20. h5 gxh5 21. Qxh5 Ne7 22. Rh3 Ng6 23. f5 exf5 24. exf5 Nge5 25. f6 Kf8 26. Qh8+ Bxh8 27. Rxh8# 1-0